Estatísticas para Emissoras de Televisão do Brasil (existentes e extintas)

Clique aqui para jogar o quiz

Estatísticas Gerais

  • Esse quiz foi jogado 184 vezes
  • A pontuação média é 8 de 15

Estatísticas das Respostas

Ano de fundaçãoSedeProprietárioAtraçõesStatusEmissora% Correto
1981Osasco/SPSilvio SantosA Praça é Nossa, Domingo LegalEm atividadeSBT
99%
196São Paulo/SPJohnny SaadBrasil Urgente, CQCEm atividadeBandeirantes
93%
1999Osasco/SPAmílcare Dallevo Jr.Superpop, Melhor pra VocêEm atividadeRede TV!
84%
1965Rio de Janeiro/RJFamília MarinhoFantástico, Domingão do FaustãoEm atividadeRede Globo
83%
1953São Paulo/SPEdir MacedoHoje em Dia, Domingo EspetacularEm atividadeRede Record
74%
1960São Paulo/SPFundação Padre AnchietaRoda Viva, Cartão VerdeEm atividadeTV Cultura
69%
1983Rio de Janeiro/RJAdolpho BlochClube da Criança, PantanalExtintaRede Manchete
59%
1950São Paulo/SPDiários AssociadosRepórter Esso, Clube dos ArtistasExtintaTV Tupi
58%
1970São Paulo/SPFundação Cásper LíberoMesa Redonda, Todo SeuEm atividadeRede Gazeta
41%
2007Brasília/DFEBC - Empresa Brasil de ComunicaçãoRepórter Brasil, Viola, Minha ViolaEm atividadeTV Brasil
41%
1995São José do Rio Preto/SPJoão Monteiro de Barros FilhoJCTV, Tribuna IndependenteEm atividadeRede Vida
37%
1960São Paulo/SPMário Wallace SimonsenGira o Mundo Gira, Show Times SquareExtintaTV Excelsior
34%
1979Curitiba/PROrganizações MartinezJogo do Poder, Márcia Peltier EntrevistaEm atividadeCNT
33%
2007São Paulo/SPMarcos TolentinoA Tarde é Show, Papo VipEm atividadeRede Brasil
23%
2003São Paulo/SPFundação de FátimaBarlada, Na Levada do SambaEm atividadeNGT
11%

Distribuição das Pontuações

Percentil de Números Respondidos

Porcentagem de Pessoas com Cada Pontuação

Sua Pontuação Histórica

Você não jogou esse quiz